| 000 | 00441nam a2200157Ia 4500 | ||
|---|---|---|---|
| 008 | 240729s9999 xx 000 0 und d | ||
| 022 | _a2314-5757 | ||
| 245 | 0 | _aInternational Journal of Reproductive Medicine | |
| 260 | _aUnited Kingdom | ||
| 260 | _bHindawi Limited | ||
| 650 | _a Gynecology and obstetrics | ||
| 650 | _aMedicine | ||
| 856 | _uhttps://doaj.org/toc/2655f615db394db686fdcfe5e91e1034 | ||
| 942 | _2ddc | ||
| 942 | _cDOAJEJ | ||
| 999 |
_c71427 _d71427 |
||
| 945 |
_a1 _bMadushi Gamage _c1 _dMadushi Gamage |
||